All CFB FBS teams in the state of California - Statistics

General Stats
  • This quiz has been taken 99 times
    8 since last reset
  • The average score is 7 of 8
Answer Stats
Hint Answer % Correct
Golden Bears California
100%
Bulldogs Fresno State
100%
Aztecs San Diego State
100%
Cardinal Stanford
100%
Bruins UCLA
100%
Trojans USC
100%
Spartans San Jose State
86%
Hornets Sacremento State
14%
No matching quizzes found
Score Distribution
Percent of People with Each Score
Percentile by Number Answered
Your Score History
You have not taken this quiz since the last reset